000
00290nam a22001337a 4500
008
170628b xxu||||| |||| 00| 0 eng d
020
_a
43222006
041
_a
eng
080
_2
2ND
_a
82
100
_a
21
101
_a
GJL
245
_a
LITERATURE OF ENGLAND
_c
ANDERSON,J
942
_2
udc
_c
BK
999
_c
19384
_d
19384